000 00531 a2200181 4500
003 OSt
005 20240206144956.0
008 240206b |||||||| |||| 00| 0 eng d
020 _a9789387334069
040 _cOCLC
082 _a894.812301
_bMAN/E
100 _aMangad, Ambikasuthan
_96922
245 _aEnte Gramakathakal /
_cAmbikasuthan Mangadu
250 _a1st ed.
260 _aKOZHIKODE:
_bOLIVE PUBLICATION,
_c2018.
300 _a122P.
942 _2ddc
_cBK
_h894.812301
_iMAN/E
_k894.812301
_mMAN/E
999 _c44321
_d44321